Abangares: Estado y condición de la vivienda /
Shranjeno v:
| Autores Corporativos: | , |
|---|---|
| Format: | Texto |
| Jezik: | Spanish |
| Izdano: |
San José:
IFAM. AITEC,
1975
|
| Oznake: |
Označite
Brez oznak, prvi označite!
|
MARC
| LEADER | 00000 a a2200000 04500 | ||
|---|---|---|---|
| 001 | 16974 | ||
| 003 | cru IIS | ||
| 005 | 20220808122616.0 | ||
| 008 | 220808b |||||||| |||| 00| 0 spa d | ||
| 040 | |c cru IIS | ||
| 090 | |a 14.04.01 I59a | ||
| 110 | |a Instituto de Fomento y Asesoría Municipal [Costa Rica] | ||
| 245 | 1 | |a Abangares: |b Estado y condición de la vivienda / |c Instituto de Fomento y Asesoría Municipal | |
| 260 | |a San José: |b IFAM. AITEC, |c 1975 | ||
| 300 | |a 13 p. | ||
| 500 | |a Colección Centroamérica | ||
| 710 | |a Acción Internacional Técnica, División de Acción Internacional | ||
| 942 | |2 ddc |c LI | ||
| 999 | |c 14898 |d 14898 | ||
